[Event "Valasska Bystrice op"]
[Site "Valasska Bystrice"]
[Date "2016.09.12"]
[Round "4"]
[White "Musil, Vitezslav"]
[Black "Susen, Jaroslav"]
[Result "1-0"]
[WhiteElo "1961"]
[BlackElo "1789"]
[PlyCount "127"]
[EventDate "2016.09.10"]
[EventType "swiss"]
[EventRounds "9"]
[EventCountry "CZE"]
[SourceTitle "CBM 174 Extra"]
[Source "ChessBase"]
[SourceDate "2016.10.10"]
[SourceVersion "1"]
[SourceVersionDate "2016.10.10"]
[SourceQuality "1"]

1. e4 c5 2. Nf3 d6 3. d4 cxd4 4. Nxd4 e6 5. Nc3 a6 6. g3 Be7 7. Bg2 Bd7 8. 0-0 Nc6 9. Be3 Nxd4 10. Bxd4 e5 11. Be3 Nf6 12. Bg5 Be6 13. Qd2 Qb6 14. Be3 Qc6 15. Nd5 Bxd5 16. exd5 Qc7 17. h3 0-0 18. Rac1 Nd7 19. c4 Nf6 20. Rfd1 Rac8 21. c5 h6 22. c6 Nh7 23. Qb4 b5 24. a4 Rb8 25. a5 f5 26. Bb6 Qc8 27. f4 exf4 28. gxf4 Qe8 29. Re1 Qf7 30. Re6 Nf6 31. Bc7 Rbc8 32. Bxd6 Bxd6 33. Qxd6 Rfd8 34. Qe5 Nd7 35. Qe2 Nf8 36. Re3 Qc7 37. Qd3 Qxf4 38. Rf1 Qb4 39. Qxf5 Qxb2 40. Qg4 Qd2 41. Rg3 Qb2 42. Qf4 Kh8 43. Rf2 Qa1+ 44. Kh2 Nh7 45. d6 Qf6 46. Qg4 Qg5 47. Qd4 Qe7 48. d7 Rc7 49. Re2 Qf7 50. Re8+ Rxe8 51. dxe8Q+ Qxe8 52. Re3 Qc8 53. Qd6 Nf6 54. Re7 Rxe7 55. Qxe7 Qf5 56. Qd8+ Kh7 57. Qd4 Qc8 58. Qd6 Ne8 59. Qd7 Qb8+ 60. Kh1 Qe5 61. Qd2 Nc7 62. Qd3+ Kh8 63. Be4 Qa1+ 64. Kg2 1-0